Statistics for Frosty the Snowman Lyrics

Click here to take the quiz!

General Stats

  • This quiz has been taken 242 times
    (230 since last reset)
  • The average score is 101 of 146

Answer Stats

Lyric% Correct
Frosty
99%
frosty
99%
snow
99%
the
99%
snowman
98%
a
97%
was
93%
so
91%
to
90%
but
89%
and
88%
nose
88%
jolly
87%
of
87%
with
87%
made
86%
button
85%
happy
85%
out
85%
coal
84%
i
84%
soul
84%
eyes
83%
he
81%
He
81%
two
81%
pipe
80%
be
77%
on
77%
corncob
74%
children
73%
day
73%
hat
73%
me
73%
that
73%
in
71%
they
69%
know
68%
magic
68%
some
68%
came
67%
life
67%
have
66%
his
66%
it
65%
old
64%
how
63%
been
62%
must
62%
say
62%
there
62%
when
62%
you
62%
around
61%
began
61%
head
61%
dance
60%
found
59%
as
58%
placed
58%
could
57%
play
57%
go
53%
is
53%
for
52%
laugh
52%
Oh
51%
fairytale
48%
just
48%
melt
48%
same
48%
said
46%
alive
44%
away
43%
fun
43%
sun
42%
run
41%
before
40%
hot
40%
lets
39%
at
38%
look
37%
thump
37%
Thump
37%
knew
36%
over
36%
top
35%
hills
34%
we'll
33%
kids
30%
now
29%
Thumpety
21%
thumpety
21%
all
20%

Score Distribution

Percentile by Number Answered

Percent of People with Each Score

Your Score History

You have not taken this quiz since the last reset